000 01456nam a22001577a 4500
041 _aukr
080 _a09
090 _bСОБ
100 _aСоболь Т. М.
245 _aСемантика фразеологізмів з компонентами-топонімами
260 _aОстрог
_bКАФ
_c2006
300 _a49
520 _aВступ. Розділ 1. Вживання топонімів у контексті фразеології. 1.1. Поняття та проблеми фразеології. 1.2. Класифікація фразеологізмів. 1.3. Власні назви у складі фразеологічних одиниць. 1.4. Ономастика та її підвиди. 1.5. Загальне визначення топонімів. 1.6. Історичний вплив іншомовних народностей на розвиток англійської топонімії. Розділ 2. Функціонально-семантичний аналіз ФО з компонентами-топонімами. 2.1. Семантика англійських ФО з компонентами-топонімами. 2.2. Семантика американських ФО з компонентами-топонімами. 2.3. Інші ФО з компонентами-топонімами. Висновки.
_0фразеологія, топоніми
650 _aResearch Papers
999 _c283441
_d283441
942 _cBK